[Anton Vantuch (1921-2001) – romanista, literárny vedec, kultúrny historik a prekladateľ]

Recenzia na publikáciu o živote a zakladateľskej práci Antona Vantucha, ďalšej významnej osobnosti medzinárodného významu, ktorá ovplyvnila vývoj francúzistiky na Slovensku v druhej polovici 20. storočia. Autorka prináša čitateľovi rôzne etapy a bohatosť jeho tvorby o francúzskej literatúre časopisu...

Descrizione completa

Salvato in:
Dettagli Bibliografici
Autore principale: Tureková, Andrea, 1979-
Natura: Capitolo di libro
Lingua:francese
Soggetti:
Tags: Aggiungi Tag
Nessun Tag, puoi essere il primo ad aggiungerne!!

MARC

LEADER 00000naa a2200000 4500
001 0273462
005 20240502083833.6
041 0 |a fre 
044 |a CZ 
245 1 0 |a [Anton Vantuch (1921-2001) – romanista, literárny vedec, kultúrny historik a prekladateľ]  |c Andrea Tureková 
520 |a Recenzia na publikáciu o živote a zakladateľskej práci Antona Vantucha, ďalšej významnej osobnosti medzinárodného významu, ktorá ovplyvnila vývoj francúzistiky na Slovensku v druhej polovici 20. storočia. Autorka prináša čitateľovi rôzne etapy a bohatosť jeho tvorby o francúzskej literatúre časopisu Ancien Régime, hlavne na diele Montesquieu. 
610 2 0 |a recenzie 
610 2 0 |a monografie 
610 2 0 |a francúzština 
610 2 0 |a kariéra 
100 1 |a Tureková, Andrea, 1979-